| 000 | 01003nam a2200289 i 4500 | ||
|---|---|---|---|
| 001 | 8846 | ||
| 003 | KOSZ 005 | ||
| 005 | 20200630132819.0 | ||
| 008 | 070620s1970 pl a f f 001 0 pol | ||
| 015 | _aPB 1970/5672 | ||
| 040 |
_aWA N _cWA N _dKOSZ 005/RW |
||
| 080 | _a517 | ||
| 080 | _a(075.8) | ||
| 100 | 1 |
_aKołodziej, Witold _eAutor _d(1930-2011) |
|
| 245 | 1 | 0 |
_aWybrane rozdziały analizy matematycznej / _cWitold Kołodziej. |
| 260 |
_aWarszawa : _bPaństwowe Wydawnictwo Naukowe, _c1970. |
||
| 300 |
_a358, [2] s. : _bil., err. ; _c25 cm. |
||
| 380 | _aKsiążki | ||
| 490 | 1 |
_aBiblioteka Matematyczna ; _vt. 36. |
|
| 504 | _aBibliogr. s. [346]-347. Indeks. | ||
| 655 | 4 | _aPodręczniki akademickie | |
| 650 | 4 | _aAnaliza matematyczna | |
| 710 | 2 |
_aPaństwowe Wydawnictwo Naukowe _4pbl. |
|
| 830 | 0 |
_aBiblioteka Matematyczna, _vt. 36. |
|
| 856 |
_uhttp://koha.tu.koszalin.pl/cgi-bin/koha/opac-detail.pl?biblionumber=8846 _yKatalog online BPK |
||
| 942 |
_2UKD _cKS |
||
| 999 |
_c8846 _d8846 |
||